000 00828nam a2200277 i 4500
001 C2-0257223
003 PPAK
005 20180727224328.0
008 040815s2000 enka|||| ||||| | eng d
020 _a0746037236
040 _aPPAK
_beng
_cPPAK
_erda
082 0 4 _a597.3
_223
090 0 0 _a597.3
_bSHE
_dRK
100 1 _aSheikh-Miller, Jonathan,
_eauthor
245 1 0 _aSharks
264 1 _aLondon :
_bUsborne ,
_c2000
300 _a83 pages :
_bcolour illustrations ;
_c24 cm
336 _2rdacontent
_atext
337 _2rdamedia
_aunmediated
338 _2rdacarrier
_avolume
490 1 _aUsborne discovery Internet-linked
650 1 0 _aSharks - Juvenile literature ; Sharks - Computer network resources
700 1 _aDoherty, Gillian,
_eeditor
830 0 _aUsborne discovery Internet-linked
942 _ddc
_cB
999 _c69178
_d69178